000 00347nam a22001217a 4500
999 _c9913
_d9913
003 OSt
008 201203b ||||| |||| 00| 0 eng d
245 _aSDMIMD Journal of Management
250 _a2018(Mar Vol.9 No.1, Sep Vol.9 No.2)
260 _bSDM Institute for Management Development
_aMysore, Karnataka
650 _aManagement
942 _2ddc
_cBV